zpět

Detail výsledku týmu

U Áji a Páji, Soběslav

Datum a čas kvízu

44 Celkem bodů Celkový počet nahraných bodů na tomto kvízu bez doplňovacích otázek.
1. Pořadí na kvízu Konečné umístění týmu na tomto kvízu.

Zaznamenané odpovědi

# Otázka Odpověď Body Výsledky
1. Čtvrt roku byli na cestě a ura... D) Velorex 1
2. První dámu Francie Brigitte Ma... že je žena 1
3. V noci ze středy na čtvrtek by... Jimmy Kimmel 1
4. Společnost China Eastern Airli... Buenos Aires 1
5. Švédský atletický fenomén Arma... 630 cm 1
6. Ve spolupráci s Radou Evropy j... 1B 2C 3D 4A 1
7. Pokud vám prozradíme, že červe... július 1
8. Jak se jmenuje autonomní oblas... Vojvodina 1
9. Která z těchto knih nebyla nap... A 1
10. Pozoruhodným jazykem je velšti... křeček 0